000 00643nam a22002177a 4500
999 _c5085
_d5085
003 AR-CdUCM
008 190311b ||||| |||| 00| 0 spa d
040 _aMUNICIPALIDAD PROVINCIAL DEL CUSCO
_cBIBLIOTECA MUNICIPAL DEL CUSCO
082 _a869.56 /
_bT153
100 _aTamayo Vargas, Augusto
_91952
245 _aArco en el tiempo /
260 _aBuenos Aires :
_bEdit. Losada,
_c1971.
300 _a72 paginas ;
_c20 cm.
500 _aDonación familia Nieto
505 _aContenido : Poesías /
650 _aLiteratura peruana
_9169
650 _aSiglo XX
_98
650 _aPoesías
_92272
942 _2ddc
_cLIBROS
945 _arjall